000
00205 a2200109 4500
020
_a
9781429611862
041
_a
spa
100
_a
Frost, Helen
245
_a
Tiranosaurio Rex
942
_c
BK
952
_7
1
999
_c
20407
_d
20407